Hermenéutica profunda y etnohermeneútica: ensayos sobre masculinidad y dilemas de la modernidad /
Uloženo v:
| Další autoři: | |
|---|---|
| Médium: | Text |
| Jazyk: | Spanish |
| Témata: | |
| Tagy: |
Přidat tag
Žádné tagy, Buďte první, kdo vytvoří štítek k tomuto záznamu!
|
MARC
| LEADER | 00000 a a2200000 04500 | ||
|---|---|---|---|
| 003 | cru IIS | ||
| 005 | 20220623133219.0 | ||
| 007 | ta | ||
| 008 | 220621b |||||||| |||| 00| 0 spa d | ||
| 040 | |c cru IIS | ||
| 245 | |a Hermenéutica profunda y etnohermeneútica: |b ensayos sobre masculinidad y dilemas de la modernidad / |c Jorge Sanabria León, traductor/compilador | ||
| 300 | |a 70 páginas | ||
| 500 | |a Colección Centroamérica | ||
| 650 | |a PSICOLOGIA | ||
| 650 | |a ETNOLOGIA | ||
| 650 | 0 | |a HERMENEUTICA |9 4492 | |
| 700 | 1 | |a Sanabria León, Jorge |9 10481 |e traductor |e compilador | |
| 773 | 0 | |0 18811 |9 3249 |a Universidad de Costa Rica. Instituto de Investigaciones en Psicología |d San José, C.R.: Editorial de la UCR |o 07051 |t Actualidades en Psicología / | |
| 942 | |2 ddc |c PP | ||
| 999 | |c 44318 |d 44318 | ||
